| 000 | 00000nam 2200000za 4500 |
| 001 | 9.645780 |
| 003 | CaOODSP |
| 005 | 20220901140029 |
| 007 | ta |
| 008 | 150407|1995||||xxc||||| f|0| 0 eng d |
| 020 | |a0-662-22967-3 |
| 040 | |aCaOODSP|beng |
| 043 | |an-cn--- |
| 086 | 1 |aJ2-129/1995E |
| 110 | 1 |aCanada.|bJustice Canada. |
| 245 | 10|aFederal/Provincial/Territorial Family Law Committee's report and recommendations on child support |
| 260 | |aOttawa - Ontario : |bJustice Canada |c1995. |
| 300 | |a155p. in various pagings. : |breferences, tables ; |c28 cm. |
| 500 | |aContents: The child support project.--Objectives and principles.--Recommended approach to child support.--Right to support.--Parental means.--Application of formula.--Transition issues.--Various custody and access arrangements.--Variation of awards.--Legal costs.--Other related issues.--Results of research.--Justification for the recommended formula. |
| 563 | |aSoftcover |
| 590 | |a95-06|b1995-02-10 |
| 690 | 07|aFamily law|2gcpds |
| 690 | 07|aChild support|2gcpds |
| 775 | 08|tRapport et recommandations du Comité fédéral-provincial-territorial sur le droit de la famille concernant les pensions alimentaires pour enfants |w(CaOODSP)9.679411 |
| 776 | 0#|tFederal/Provincial/Territorial Family Law Committee's report and recommendations on child support.|w(CaOODSP)9.907929 |
| 986 | |aJUS-P-672E |